|
|
|
|
| LEADER |
01680nam a22003731i 4500 |
| 001 |
28623 |
| 003 |
BD-DhAAL |
| 005 |
20230522164418.0 |
| 008 |
141126t20081968ii 000 0 eng d |
| 020 |
|
|
|a 9788131709931
|
| 035 |
|
|
|a (OCoLC)5713269
|
| 040 |
|
|
|a DLC
|c Ms-C
|d DLC
|d BD-DhAAL
|
| 082 |
|
|
|a 822.33
|2 19
|
| 100 |
1 |
|
|a Shakespeare, William,
|d 1564-1616.
|9 6230
|
| 245 |
0 |
4 |
|a The tragedy of Hamlet, Prince of Denmark /
|c by William Shakespeare; edited by Aniket Jaaware; Edward hubler.
|
| 250 |
|
|
|a Longman study editon
|
| 260 |
|
|
|a India ;
|a London :
|b Dorling Kindersley,
|b A signet classic,
|c 2008,
|c 1963.
|
| 300 |
|
|
|a xxxiii, 298 p.,
|a xxx, 271 pages ;
|c 18 cm.
|
| 504 |
|
|
|a Includes bibliographical references.
|
| 541 |
|
|
|a Donated By Akbar Ali Khan
|e 28623, 41244
|
| 650 |
|
0 |
|a Hamlet (Legendary character)
|v Drama.
|9 6231
|
| 650 |
|
0 |
|a Kings and rulers
|x Succession
|v Drama.
|9 6232
|
| 650 |
|
0 |
|a Murder victims' families
|v Drama.
|9 6233
|
| 650 |
|
0 |
|a Fathers
|x Death
|v Drama.
|9 6234
|
| 650 |
|
0 |
|a Revenge
|v Drama.
|9 6235
|
| 650 |
|
0 |
|a Princes
|v Drama.
|9 6236
|
| 651 |
|
0 |
|a Denmark
|v Drama.
|9 6237
|
| 655 |
|
7 |
|a Tragedies.
|
| 740 |
0 |
|
|a Hamlet.
|
| 852 |
|
|
|a Ayesha Abed Library
|
| 942 |
|
|
|2 ddc
|c BK
|
| 999 |
|
|
|c 33132
|d 33132
|
| 952 |
|
|
|0 0
|1 0
|2 ddc
|4 0
|6 822_330000000000000_SHA
|7 0
|9 44231
|a BRACUL
|b BRACUL
|c GEN
|d 2014-11-26
|e BRAC Institute of Language (BIL)
|l 15
|m 79
|o 822.33 SHA
|p 3010028623
|r 2026-04-02
|s 2026-03-03
|t 1
|w 2014-11-26
|y BK
|x Transferred from BIL to BRACUL on 06/06/22
|
| 952 |
|
|
|0 0
|1 0
|2 ddc
|4 0
|6 822_330000000000000_SHA
|7 1
|9 73675
|a BRACUL
|b BRACUL
|c AAKC
|d 2023-05-22
|e Donated by Akbar Ali Khan
|l 0
|o 822.33 SHA
|p 3010041244
|r 2023-05-22
|t 2
|w 2023-05-22
|y BK
|x Price available in book.
|